00547nam a2200193 a 4500001001300000003000900013005001700022008004100039020002500080082001300105100001900118245007100137260002400208300000800232500003500240505002400275650003500299700001900334nice12345678IN_TiNIC20260116013222.0050524s1991 gena grp 000 0 eng  a2825403 c196.100a268bPAL aPalmer, Martin aWhat Should We Teachb Christians and Education in Pluralist World aGeneva bWCC c1991 a63p aincludes index and biblioraphy2 aNotes, Bibliography aChristian Education & Training1 aPalmer, Martin